| 000 | 00874nam a22001935i 4500 | ||
|---|---|---|---|
| 001 | 156147 | ||
| 003 | ES-MaACL | ||
| 005 | 20251017063107.0 | ||
| 008 | 020419s1879 sp |||| | spa d | ||
| 040 |
_aCAM _bspa _cCAM |
||
| 100 | 1 |
_aJackson Cortés, Eduardo, _d1826-1890 _9128236 |
|
| 245 | 1 | 0 |
_aDonde fueres, haz lo que vieres_ _b: juguete cómico en un acto y en prosa / _coriginal de Eduardo Jackson Cortés. |
| 260 |
_aMadrid : _b[s.n.], _c1879 ( _fimprenta de José Rodriguez) |
||
| 300 |
_a32 p. ; _c20 cm. |
||
| 500 | 1 | _aRepresentado por primera vez en el teatro de Variedades, en la noche del 1º de abril de 1879. | |
| 596 | 1 | _aEn verso de prot. consta: "... de la Galería lírico-dramática, titulada el Teatro, de los Hijos de A. Gullón ..." | |
| 852 |
_aES-MaACL _jF-4677 _z-- Enc. hol. _z-- Enc. en un vol. facticio |
||
| 999 |
_c156147 _d156147 |
||